Structural mechanics (Record no. 3886)

000 -LEADER
fixed length control field 00549nam a22001697a 4500
008 - FIXED-LENGTH DATA ELEMENTS--GENERAL INFORMATION
fixed length control field 200706b ||||| |||| 00| 0 eng d
082 00 - DEWEY DECIMAL CLASSIFICATION NUMBER
Classification number 623.8108
Item number G6523
100 ## - MAIN ENTRY--PERSONAL NAME
9 (RLIN) 3204
Personal name Goodier, J Norman.
245 10 - TITLE STATEMENT
Title Structural mechanics
260 ## - PUBLICATION, DISTRIBUTION, ETC. (IMPRINT)
Place of publication, distribution, etc Oxford
Name of publisher, distributor, etc pergamon
Date of publication, distribution, etc 1960
300 ## - PHYSICAL DESCRIPTION
Extent xi,594 p.
365 ## - TRADE PRICE
Unit of pricing 56.00
505 0# - FORMATTED CONTENTS NOTE
Formatted contents note proceedings of the first symposium on naval structural mechanics,held at Stanford University, Aug.11-14,1958<br/>
650 #0 - SUBJECT ADDED ENTRY--TOPICAL TERM
Topical term or geographic name as entry element Structural Analysis
700 ## - ADDED ENTRY--PERSONAL NAME
9 (RLIN) 3205
Personal name Hoff, Nicholas J.
942 ## - ADDED ENTRY ELEMENTS (KOHA)
Item type Books
Holdings
Withdrawn status Lost status Source of classification or shelving scheme Damaged status Not for loan Permanent location Current location Date acquired Source of acquisition Full call number Barcode Date last seen Koha item type
          IMU Kolkata IMU Kolkata 1961-03-01 Allied publishers 623.8108 G6523 02671 2020-07-06 Books
Designed and Maintained by IMU-KC Library, Kolkata Campus © Copyright All Rights Reserved

webs counters

Powered by Koha